000 00451nam a2200169 a 4500
001 0000-8804
003 ELIB.Books
008 110520 1945
035 _a(ELIB.Books)0000-8950
082 _a260
_bVan
100 _aVan Dusen, Henry P.
245 _aThey Found The Church There
260 _bNew York: Charles Scribner's Sons
_c1945
650 _aChristian Church - Society
942 _2ddc
_cBK
998 _cbat
_e2011-05-20
999 _c8804
_d8804